000 01444nam a22003137a 4500
005 20210325174940.0
008 s2539 th tha d
020 _a9748196267
041 _atha
050 _aLA1220 ก522 2539
245 1 0 _aการศึกษากับการวิจัย เพื่ออนาคตของประเทศไทย
260 3 _aกรุงเทพฯ :
_bสำนักงานกองทุนสนับสนุนการวิจัย,
_c2539
300 _a350 หน้า ;
_b 26 ซม.
650 0 4 _aวิจัย
650 0 4 _aการพัฒนาการศึกษา
650 0 4 _aการศึกษา -- รวมเรื่อง
650 0 4 _aการศึกษากับการพัฒนาชนบท
650 0 4 _aการศึกษา -- วิจัย
650 0 4 _aการศึกษากับการพัฒนาชุมชน
650 0 4 _aการศึกษากับการวิจัย
650 0 4 _aการศึกษาขั้นมัธยม
650 0 4 _aสถาบันวิทยาศาสตร์ -- ไทย
650 0 4 _aสื่อมวลชนกับการศึกษา
650 0 4 _aโครงงานวิทยาศาสตร์
850 _aNALT
942 _cGB
997 _c000000000005382
998 _aJETANANARD SUWANDEE
999 _c5382
_d5382